000 00885nas a2200301 4500
001 BR0905856
003 BR-BrBNA
005 20231205113747.0
007 ta
008 230509b bl.|||p| |||| 00| 00por d
040 _aBR-BrBNA
_bpor
_cBiblioteca Nacional de Agricultura
041 _a(Pt)
072 _aF02
100 1 _aFerreira, G.
100 1 _aFerrari, T.B.
100 1 _aPinho, S.Z. de
100 1 _aSavazaki, E.T.
245 1 _aEnraizamento de estacas de atemoieira Gefner tratadas com auxinas
650 _aATEMOIA
650 _aFRUTA TROPICAL
650 _aHÍBRIDO
650 _aPROPAGAÇÃO VEGETATIVA
650 _aENRAIZAMENTO DE ESTACA
650 _aAUXINA
773 0 _tRevista Brasileira de Fruticultura (Brazil)
_xISSN 0100 2945
_g(Dec 2008), v. 30(4) p. 1083-1088
_wBR0905856
909 _a202311
_bLúcia
_c55
_dLúcia Elande
942 _2AGRIS
_n0
_cANA
999 _c205460
_d205460